Espanoles fuera de Espana : Influencia de Francia en la politica espanola a traves de los emigrados, El destierro de Garcilaso de la Vega, Luis Vives; su patria y su universo.

Bibliographic Details
Main Author: Marañón, Gregorio, 1887-1960
Format: Book
Language:Spanish
Published: [Madrid] : Espasa-Calpe, [1953]
Edition:3. ed.
Series:Colección Austral (1987) ; 710.
Subjects:

MARC

Tag First Indicator Second Indicator Subfields
LEADER 00000cam a2200000 4500
001 in00000056855
005 20151008050919.0
008 800503s1953 sp 00000 spa d
035 |a (OCoLC)06276349 
035 |9 AAG4261AM 
040 |a TXA  |c TXA  |d UtOrBLW 
049 |a TXAM  |c [310818] 
090 |a DP75  |b .M3 1953 
092 |a 327.46  |b M311 1953 
100 1 |a Marañón, Gregorio,  |d 1887-1960. 
245 1 0 |a Espanoles fuera de Espana :  |b Influencia de Francia en la politica espanola a traves de los emigrados, El destierro de Garcilaso de la Vega, Luis Vives; su patria y su universo. 
250 |a 3. ed. 
264 1 |a [Madrid] :  |b Espasa-Calpe,  |c [1953] 
300 |a 186 pages ;  |c 19 cm. 
336 |a text  |b txt  |2 rdacontent 
337 |a unmediated  |b n  |2 rdamedia 
338 |a volume  |b nc  |2 rdacarrier 
490 1 |a Coleccion austral, 710 
600 0 0 |a Vega, Garcilaso de la,  |d 1503-1536. 
600 1 0 |a Vives, Juan Luis,  |d 1492-1540. 
650 0 |a Spaniards  |z Foreign countries. 
651 0 |a Spain  |x Relations  |z France. 
651 0 |a France  |x Relations  |z Spain. 
830 0 |a Colección Austral (1987) ;  |v 710. 
999 |a MARS 
999 f f |s abe4abf1-fd22-396a-a5dc-978121c08abb  |i 1e7188b1-d92b-39b8-90d9-8dff5a1d5d0f  |t 0 
952 f f |p ric  |a Texas A&M University  |b Rellis Campus  |c Joint Library Facility  |d Remote Storage  |t 0  |e DP75 .M3 1953  |h Library of Congress classification  |i unmediated -- volume  |m A14800675349 
998 f f |a DP75 .M3 1953  |t 0  |l Remote Storage